| 000 | 00457nam a22001457a 4500 | ||
|---|---|---|---|
| 082 |
_a954.031 _bHUN |
||
| 100 | 1 |
_aHunter, William Wilson, _949482 |
|
| 245 | 1 | 2 |
_aA history of British India _cby Sir William Wilson Hunter. |
| 260 |
_aLondon ; _aNew York : _bLongmans, Green, and Co., _c1899-1900. |
||
| 300 |
_a2 v. :475P.: _bmap ; _c22 cm. |
||
| 500 | _aIncludes index. | ||
| 526 |
_a0 _b0 _c0 _d954_031000000000000_HUN |
||
| 650 |
_aMCE _9379 |
||
| 942 |
_2ddc _cBK |
||
| 999 |
_c553132 _d553132 |
||